Applying Roper-Logan-Tierney Model in Practice (Record no. 7928)
[ view plain ]
| 000 -LEADER | |
|---|---|
| fixed length control field | 00478nam a22001577a 4500 |
| 005 - DATE AND TIME OF LATEST TRANSACTION | |
| control field | 20251030093721.0 |
| 008 - FIXED-LENGTH DATA ELEMENTS--GENERAL INFORMATION | |
| fixed length control field | 251030b |||||||| |||| 00| 0 eng d |
| 020 ## - INTERNATIONAL STANDARD BOOK NUMBER | |
| International Standard Book Number | 9780443071577 |
| 050 ## - LIBRARY OF CONGRESS CALL NUMBER | |
| Classification number | RT84.5 |
| Item number | .A67 |
| 245 ## - TITLE STATEMENT | |
| Title | Applying Roper-Logan-Tierney Model in Practice |
| Statement of responsibility, etc. | Karen Holland et al., |
| 260 ## - PUBLICATION, DISTRIBUTION, ETC. | |
| Place of publication, distribution, etc. | Edinburgh |
| Name of publisher, distributor, etc. | Elsevier Churchill Livingstone |
| Date of publication, distribution, etc. | 2006 |
| 300 ## - PHYSICAL DESCRIPTION | |
| Extent | x. 464p. |
| Other physical details | ill. color |
| Dimensions | 27.5cm |
| 500 ## - GENERAL NOTE | |
| General note | includes index |
| 700 ## - ADDED ENTRY--PERSONAL NAME | |
| Personal name | Holland, Karen |
| 942 ## - ADDED ENTRY ELEMENTS (KOHA) | |
| Source of classification or shelving scheme | Library of Congress Classification |
| Koha item type | Books |
| Suppress in OPAC | No |
| 999 ## - | |
| -- | 7928 |
| -- | 7928 |
| Withdrawn status | Lost status | Source of classification or shelving scheme | Damaged status | Not for loan | Collection | Home library | Current library | Shelving location | Date acquired | Total checkouts | Full call number | Barcode | Date last seen | Copy number | Price effective from | Koha item type |
|---|---|---|---|---|---|---|---|---|---|---|---|---|---|---|---|---|
| Library of Congress Classification | Non-fiction | Science Library (Miotso) | Science Library (Miotso) | General stacks | 10/30/2025 | RT84.5 .A67 APP | SLM00004982 | 10/30/2025 | 1 | 10/30/2025 | Books | |||||
| Library of Congress Classification | Non-fiction | Science Library (Miotso) | Science Library (Miotso) | General stacks | 10/30/2025 | RT84.5 .A67 APP | SLM00004983 | 10/30/2025 | 2 | 10/30/2025 | Books | |||||
| Library of Congress Classification | Non-fiction | Science Library (Miotso) | Science Library (Miotso) | General stacks | 10/30/2025 | RT84.5 .A67 APP | SLM00004984 | 10/30/2025 | 3 | 10/30/2025 | Books | |||||
| Library of Congress Classification | Non-fiction | Science Library (Miotso) | Science Library (Miotso) | General stacks | 10/30/2025 | RT84.5 .A67 APP | SLM00004985 | 10/30/2025 | 4 | 10/30/2025 | Books | |||||
| Library of Congress Classification | Non-fiction | Science Library (Miotso) | Science Library (Miotso) | General stacks | 10/30/2025 | RT84.5 .A67 APP | SLM00004986 | 10/30/2025 | 5 | 10/30/2025 | Books | |||||
| Library of Congress Classification | Non-fiction | Science Library (Miotso) | Science Library (Miotso) | General stacks | 10/30/2025 | RT84.5 .A67 APP | SLM00004987 | 10/30/2025 | 6 | 10/30/2025 | Books | |||||
| Library of Congress Classification | Non-fiction | Science Library (Miotso) | Science Library (Miotso) | General stacks | 10/30/2025 | RT84.5 .A67 APP | SLM00004988 | 10/30/2025 | 7 | 10/30/2025 | Books |